000 00767nam a2200289Ia 4500
005 20260324140644.0
008 008 260324s9999 xx 000 0 eng d
020 _a9781315205601
037 _aEBOOK
040 _aCRL
040 _beng
040 _cCRL
041 _2eng
041 _aeng
084 _qCRL
100 _aAlex E. Fernández Jilberto; André Mommen
_91205224
245 0 _aRegionalization and Globalization in the Modern World Economy
245 0 _bPerspectives on the Third World and Transitional Economies
260 _bTaylor and Francis
260 _c1998
365 _a
365 _b240
856 _uhttp://www.taylorfrancis.com/books/9781315205601
942 _cEBOOK
999 _c1807525
_d1807525